[Event "OHS 2015"]
[Site "?"]
[Date "2015.02.23"]
[Round "4.1"]
[White "Kiese, Matthias"]
[Black "Quast, Marcel"]
[Result "1-0"]
[WhiteElo "2223"]
[BlackElo "2201"]
[PlyCount "75"]
[EventDate "2015.??.??"]
[WhiteTeam "Bochumer Schachverein 02"]
[BlackTeam "SC Gerthe 46-Werne"]

1. d4 f5 2. g3 Nf6 3. Bg2 g6 4. Nf3 Bg7 5. O-O O-O 6. c4 d6 7. Nc3 Qe8 8. b3
Na6 9. Ba3 c6 10. Qd3 Rb8 11. e4 fxe4 12. Nxe4 Bf5 13. Nxf6+ Bxf6 14. Qe3 b5
15. Rac1 bxc4 16. Rxc4 Nc7 17. Ng5 Bd7 18. Re1 Rb6 19. Bc1 Ra6 20. a3 d5 21.
Rb4 Nb5 22. Ne6 Nxa3 23. Bxa3 Rxa3 24. Nxf8 Qxf8 25. Qf4 Kg7 26. Rb8 Qf7 27. h4
Ra2 28. Bf3 h5 29. Rb7 Bh3 30. Re2 Rxe2 31. Bxe2 Qe6 32. Qe3 Qf5 33. Kh2 Qb1
34. Bd3 Qd1 35. Rxe7+ Bxe7 36. Qxe7+ Kg8 37. Bxg6 Qf3 38. Bf7+ 1-0

[Event "OHS 2015"]
[Site "?"]
[Date "2015.02.23"]
[Round "4.2"]
[White "Graw, Christopher"]
[Black "Sondermann, Dirk"]
[Result "1-0"]
[WhiteElo "2218"]
[BlackElo "2080"]
[PlyCount "55"]
[EventDate "2015.??.??"]
[WhiteTeam "SK Herne Sodingen 1924"]
[BlackTeam "Sport Union Annen"]

1. d4 d5 2. c4 dxc4 3. Nf3 Nf6 4. e3 e6 5. Bxc4 c5 6. O-O a6 7. Bd3 Nc6 8. Nc3
Be7 9. a3 cxd4 10. exd4 O-O 11. Bg5 Nd5 12. Ne4 f5 13. Bxe7 Qxe7 14. Ned2 Qf6
15. Nb3 Rd8 16. Re1 g5 17. Qd2 h6 18. Rac1 g4 19. Ne5 Nxe5 20. Rxe5 Rd6 21.
Rce1 b6 22. g3 Bd7 23. Qe2 Nc7 24. Rc1 Ra7 25. Bc4 Bb5 26. Bxb5 Nxb5 27. d5
Rxd5 28. Rxe6 1-0

[Event "OHS 2015"]
[Site "?"]
[Date "2015.02.23"]
[Round "4.3"]
[White "Wiese, Thomas"]
[Black "Löffelbein, Klaus"]
[Result "1/2-1/2"]
[WhiteElo "1877"]
[BlackElo "2002"]
[PlyCount "34"]
[EventDate "2015.??.??"]
[WhiteTeam "SV Kamen 1930"]
[BlackTeam "SC Gerthe 46 - Werne"]

1. e4 c5 2. Nf3 d6 3. Bb5+ Nc6 4. d4 cxd4 5. Nxd4 Bd7 6. O-O g6 7. Be3 Bg7 8.
c4 Nf6 9. f3 O-O 10. Nc3 Ne5 11. Qe2 Rc8 12. Bxd7 Nexd7 13. Rac1 a6 14. Nb3 Nh5
15. Rfd1 Qe8 16. Nd5 f5 17. Bg5 Bf6 1/2-1/2

[Event "OHS 2015"]
[Site "?"]
[Date "2015.02.23"]
[Round "4.4"]
[White "Korte, Markus"]
[Black "Ribbeheger, Edgar"]
[Result "0-1"]
[WhiteElo "2163"]
[BlackElo "1998"]
[PlyCount "52"]
[EventDate "2015.??.??"]
[WhiteTeam "Matt Inn Dortmund"]
[BlackTeam "SK Herne-Sodingen 1924"]

1. e4 c5 2. Nf3 d6 3. d4 cxd4 4. Qxd4 Nc6 5. Bb5 Bd7 6. Bxc6 bxc6 7. O-O e5 8.
Qd3 Be7 9. c4 Qc7 10. Nc3 Rd8 11. h3 Nf6 12. Rd1 Be6 13. b3 O-O 14. Bg5 h6 15.
Bh4 g5 16. Bg3 Nh5 17. Nh2 f5 18. exf5 Bxf5 19. Qe3 Nxg3 20. Qxg3 Bg6 21. Rd2
Qa5 22. Rad1 Kh7 23. Na4 Rf4 24. Qe3 Rdf8 25. c5 Re4 26. Qc3 Rxa4 0-1

[Event "OHS 2015"]
[Site "?"]
[Date "2015.02.23"]
[Round "4.5"]
[White "Kleinert, Andreas"]
[Black "Hahn, Matthias"]
[Result "0-1"]
[WhiteElo "1862"]
[BlackElo "2044"]
[PlyCount "92"]
[EventDate "2015.??.??"]
[WhiteTeam "Schachfreunde Gelsenkirchen 2002"]
[BlackTeam "SV Bochum-Linden-Dahlh"]

1. Nf3 Nf6 2. c4 e6 3. e3 d5 4. b3 Be7 5. g3 O-O 6. Bg2 c5 7. Bb2 Nc6 8. O-O d4
9. exd4 cxd4 10. Re1 Ne8 11. d3 f6 12. Nbd2 e5 13. a3 a5 14. Rc1 Nc7 15. h3 Na6
16. Rf1 Kh8 17. Qe2 Nc5 18. Ne1 Bf5 19. f4 Bd6 20. g4 Bd7 21. f5 Qe7 22. Nc2 g6
23. Be4 Rg8 24. Rf2 Nxe4 25. dxe4 Bc5 26. Qd3 Rae8 27. Re1 Nd8 28. Kh2 Bd6 29.
Bc1 gxf5 30. gxf5 Rg7 31. Ree2 Reg8 32. Rg2 Bxf5 33. Qf3 Rxg2+ 34. Rxg2 Rxg2+
35. Qxg2 Bd7 36. a4 Qg7 37. Qf2 Nf7 38. Nf3 f5 39. Qe2 fxe4 40. Qxe4 Bc6 41.
Qf5 Bxf3 42. Qc8+ Qg8 43. Qxg8+ Kxg8 44. Kg3 Bd1 45. Na1 Bb4 46. Bb2 Bc3 0-1

[Event "OHS 2015"]
[Site "?"]
[Date "2015.02.23"]
[Round "4.6"]
[White "Winterkamp, Sascha"]
[Black "Rath, Michael"]
[Result "1-0"]
[WhiteElo "2015"]
[BlackElo "1815"]
[PlyCount "61"]
[EventDate "2015.??.??"]
[WhiteTeam "SV Unser Fritz Wanne-Eickel 1955"]
[BlackTeam "SV Königsspringer Haltern 1962"]

1. d4 d5 2. Nf3 Nf6 3. c3 c6 4. Nbd2 Bf5 5. e3 e6 6. Be2 Nbd7 7. O-O Bd6 8. c4
Ne4 9. Qb3 Qb6 10. Nxe4 Bxe4 11. c5 Qxb3 12. axb3 Bxf3 13. gxf3 Bc7 14. b4 e5
15. b5 Ke7 16. bxc6 bxc6 17. b4 Rhb8 18. Ra6 Rxb4 19. Rxc6 Kd8 20. Ba3 Rb3 21.
Ra6 Nb8 22. Ra4 a5 23. e4 Nc6 24. exd5 Nxd4 25. Bc4 Rxf3 26. d6 Bb8 27. Bd5 Ra6
28. Bxf3 Nxf3+ 29. Kg2 Nd4 30. Rb1 Kc8 31. d7+ 1-0

[Event "OHS 2015"]
[Site "?"]
[Date "2015.02.23"]
[Round "4.7"]
[White "Melmer, Felix"]
[Black "Boost, Jürgen"]
[Result "1/2-1/2"]
[WhiteElo "2001"]
[BlackElo "1849"]
[PlyCount "81"]
[EventDate "2015.??.??"]
[WhiteTeam "SC Gerthe 46-Werne"]
[BlackTeam "SC Gerthe 46-Werne"]

1. f4 d5 2. Nf3 Nf6 3. e3 g6 4. d4 Bg7 5. Bd3 O-O 6. c3 c5 7. Nbd2 Qd6 8. Ne5
Nc6 9. g4 c4 10. Bc2 Qc7 11. h3 a5 12. Qf3 Be6 13. Nf1 Nxe5 14. dxe5 Nd7 15. e4
dxe4 16. Bxe4 Nc5 17. Be3 Nxe4 18. Qxe4 Rfd8 19. Rh2 Bd5 20. Qd4 a4 21. Qb6 Qc6
22. Rd2 a3 23. bxa3 e6 24. Qxc6 bxc6 25. Bc5 g5 26. Be7 gxf4 27. Bxd8 Rxd8 28.
Rb1 f6 29. Re2 Ra8 30. exf6 Bxf6 31. Rc1 Rxa3 32. Kd2 f3 33. Ree1 Rxa2+ 34. Rc2
Ra3 35. Ne3 e5 36. Rf1 e4 37. Rh1 Bh4 38. Rb1 Bg5 39. Rh1 Bh4 40. Rb1 Bg5 41.
Rh1 1/2-1/2

[Event "OHS 2015"]
[Site "?"]
[Date "2015.02.23"]
[Round "4.8"]
[White "Sikorski, Thomas"]
[Black "Funke, Eckhard"]
[Result "1/2-1/2"]
[WhiteElo "1791"]
[BlackElo "1930"]
[PlyCount "112"]
[EventDate "2015.??.??"]
[WhiteTeam "Sportfreunde Katernberg 1913"]
[BlackTeam "SG Höntrop 1947"]

1. c4 Nf6 2. Nf3 e6 3. Nc3 Bb4 4. Nb1 O-O 5. a3 Be7 6. Nc3 d5 7. d4 c5 8. dxc5
Bxc5 9. b4 Be7 10. cxd5 exd5 11. Bb2 Bg4 12. Ne5 Bh5 13. Qd4 Nc6 14. Nxc6 bxc6
15. e3 c5 16. bxc5 Rb8 17. Nb5 Qd7 18. c6 Qxc6 19. Nxa7 Qc2 20. Nb5 Bc5 21. Qc3
Qxc3+ 22. Bxc3 Rfc8 23. Bxf6 gxf6 24. Bd3 d4 25. exd4 Rxb5 26. Bxb5 Bxd4 27.
Rb1 Bc3+ 28. Kf1 Rd8 29. Be2 Bg6 30. Rb3 Rc8 31. Bg4 Rc7 32. Rb8+ Kg7 33. Rc8
Rxc8 34. Bxc8 Bc2 35. g3 Bb2 36. a4 Bxa4 37. Kg2 Bc6+ 38. f3 Be5 39. Rc1 Bd5
40. h4 h5 41. Rd1 Bc4 42. Rd2 Bb3 43. Bf5 Bc4 44. Be4 Bb3 45. Rd7 Be6 46. Rb7
f5 47. Bc6 f4 48. Rb5 f6 49. gxf4 Bxf4 50. Rxh5 f5 51. Ba4 Bh6 52. Bc6 Bc8 53.
Kf2 Kg6 54. Rxh6+ Kxh6 55. Kg3 Kg6 56. Kf4 Kf6 1/2-1/2

[Event "OHS 2015"]
[Site "?"]
[Date "2015.02.23"]
[Round "4.9"]
[White "Barth, Hans-Joachim"]
[Black "Schäfer, Michael"]
[Result "1/2-1/2"]
[WhiteElo "1881"]
[BlackElo "1793"]
[PlyCount "72"]
[EventDate "2015.??.??"]
[WhiteTeam "SC Dolce Vita 93"]
[BlackTeam "SK Herne-Sodingen 1924"]

1. e4 e5 2. Nf3 Nc6 3. Bb5 Nf6 4. O-O Nxe4 5. Re1 Nd6 6. Bxc6 bxc6 7. Nxe5 Be7
8. d4 O-O 9. Nc3 Rb8 10. a4 Ba6 11. Qg4 f6 12. Bh6 Ne8 13. Nf3 Bc8 14. Bc1 d5
15. Qh4 Bf5 16. Re2 Nd6 17. g4 Bg6 18. b3 Ne4 19. Bb2 Bb4 20. Nd1 Bd6 21. Ne3
f5 22. Qxd8 Rbxd8 23. Nh4 f4 24. Nef5 Rf6 25. f3 Ng5 26. Kg2 Bxf5 27. Nxf5 g6
28. Ne7+ Bxe7 29. Rxe7 Re6 30. Re1 Rxe1 31. Rxe1 Kf7 32. Ba3 Ne6 33. h4 Re8 34.
Bb2 Rb8 35. Bc3 Rg8 36. Re5 h6 1/2-1/2

[Event "OHS 2015"]
[Site "?"]
[Date "2015.02.23"]
[Round "4.11"]
[White "Schmidt, Ralph"]
[Black "Wingerning, Gerd"]
[Result "1/2-1/2"]
[WhiteElo "1985"]
[BlackElo "1744"]
[PlyCount "61"]
[EventDate "2015.??.??"]
[WhiteTeam "SV Bochum-Linden-Dahlhausen 1922"]
[BlackTeam "SC Buer-Hassel Königsspringer"]

1. e4 d5 2. exd5 Qxd5 3. Nc3 Qa5 4. Bc4 Nf6 5. d3 Bg4 6. f3 Bh5 7. Bd2 c6 8.
Nge2 e5 9. Ng3 Bg6 10. Qe2 Nbd7 11. f4 h6 12. d4 Bb4 13. dxe5 Nd5 14. Bxd5 cxd5
15. Nxd5 Bxd2+ 16. Qxd2 Qc5 17. O-O-O O-O 18. b4 Qc4 19. Ne7+ Kh8 20. f5 Qxa2
21. Qc3 Nb6 22. fxg6 Na4 23. Qb3 Qa1+ 24. Kd2 Rad8+ 25. Nd5 Qd4+ 26. Ke1 Qxe5+
27. Ne2 Rfe8 28. Rd2 Qa1+ 29. Rd1 Qe5 30. Rd2 Qa1+ 31. Rd1 1/2-1/2

[Event "OHS 2015"]
[Site "?"]
[Date "2015.02.23"]
[Round "4.13"]
[White "Schumann, Burkhard"]
[Black "Müller-Kreth, Kai"]
[Result "0-1"]
[WhiteElo "1627"]
[BlackElo "1758"]
[PlyCount "70"]
[EventDate "2015.??.??"]
[WhiteTeam "SC Gerthe 46-Werne"]
[BlackTeam "SK Herne-Sodingen"]

1. e4 e5 2. d4 exd4 3. c3 Nc6 4. cxd4 Bb4+ 5. Nc3 Nf6 6. f3 h6 7. Nge2 d6 8. d5
Bxc3+ 9. bxc3 Ne5 10. Nd4 O-O 11. Be2 Re8 12. O-O Ng6 13. Bd3 Bd7 14. Qc2 a6
15. a4 Qe7 16. Bd2 c5 17. dxc6 bxc6 18. Rae1 Ne5 19. Bf4 c5 20. Bxe5 dxe5 21.
Nf5 Bxf5 22. exf5 c4 23. Be4 Rab8 24. Rb1 Qc5+ 25. Qf2 Qa5 26. Qc2 Red8 27.
Rfd1 Rxd1+ 28. Rxd1 Rb3 29. Rc1 Qxa4 30. Qd2 Qa5 31. Qe3 Rb2 32. h3 Qa2 33. f4
Re2 34. Qf3 Rxe4 35. fxe5 Rxe5 0-1

[Event "OHS 2015"]
[Site "?"]
[Date "2015.02.23"]
[Round "4.14"]
[White "Kempken, Reinhold"]
[Black "Demond, Ricardo"]
[Result "0-1"]
[WhiteElo "1500"]
[BlackElo "1739"]
[PlyCount "56"]
[EventDate "2015.??.??"]
[WhiteTeam "vereinslos"]
[BlackTeam "SC Buer-Hassel Königsspringer"]

1. e4 d5 2. exd5 Qxd5 3. Nc3 Qa5 4. b4 Qxb4 5. Rb1 Qd6 6. Nf3 c6 7. Bc4 Nf6 8.
O-O g6 9. Re1 Bg7 10. Rb3 b6 11. Ba3 c5 12. Nb5 Qd8 13. Rd3 Bd7 14. Nd6+ Kf8
15. Nxf7 Qc7 16. N3e5 Bf5 17. Rd8+ Ne8 18. Bb2 a6 19. Qf3 Ra7 20. g4 b5 21.
gxf5 bxc4 22. fxg6 Bf6 23. gxh7 Rxh7 24. Qf5 Rg7+ 25. Ng6+ Kxf7 26. Bxf6 Rxg6+
27. Bg5+ Nf6 28. Qe6+ Kg7 0-1

[Event "OHS 2015"]
[Site "?"]
[Date "2015.02.23"]
[Round "4.15"]
[White "Nagel, Frank"]
[Black "Lojack, Rouven"]
[Result "1/2-1/2"]
[WhiteElo "1738"]
[BlackElo "1430"]
[PlyCount "83"]
[EventDate "2015.??.??"]
[WhiteTeam "SV Waltrop 1922"]
[BlackTeam "SV Königsspringer Haltern"]

1. d4 Nf6 2. c4 e6 3. Nc3 Bb4 4. Qc2 c5 5. e3 cxd4 6. exd4 d5 7. a3 Be7 8. Nf3
O-O 9. Bf4 Nc6 10. Rd1 dxc4 11. Bxc4 Na5 12. Bd3 Bd6 13. Be5 g6 14. Nb5 Bxe5
15. dxe5 Nd5 16. Be4 Nc6 17. Nc3 Nce7 18. O-O b6 19. Rd2 Bb7 20. Rfd1 Rc8 21.
Qa4 Nxc3 22. bxc3 Nd5 23. c4 Nc3 24. Qb3 Qc7 25. Rd7 Qxc4 26. Qxc4 Rxc4 27.
Bxb7 Nxd1 28. Rxd1 Ra4 29. Ra1 Rd8 30. h3 Rd3 31. Kf1 Rdxa3 32. Rxa3 Rxa3 33.
Ke2 Ra5 34. Kd3 Ra2 35. Nd2 Ra5 36. Nc4 Rc5 37. Kd4 a5 38. Ba6 Rd5+ 39. Ke4 b5
40. Nxa5 Rd2 41. Bxb5 Rd5 42. Nc6 1/2-1/2

[Event "OHS 2015"]
[Site "?"]
[Date "2015.02.23"]
[Round "4.16"]
[White "Burosch, Raimund"]
[Black "Hartmann, Thomas"]
[Result "0-1"]
[WhiteElo "1424"]
[BlackElo "1633"]
[PlyCount "120"]
[EventDate "2015.??.??"]
[WhiteTeam "SV Unna 1924"]
[BlackTeam "SK Herne-Sodingen"]

1. e4 c5 2. Nf3 Nc6 3. d3 g6 4. g3 Bg7 5. Bg2 d6 6. Nbd2 Bg4 7. c3 Nf6 8. O-O
O-O 9. h3 Bd7 10. Qe2 Ne8 11. Re1 Rb8 12. Nf1 Nc7 13. a4 Ne6 14. N1h2 Qc7 15.
Be3 a6 16. h4 b5 17. axb5 axb5 18. Ng5 b4 19. Nxe6 Bxe6 20. Qd2 Na5 21. Rab1
Nb3 22. Qc2 bxc3 23. bxc3 Qa5 24. c4 Bc3 25. Rf1 Nd4 26. Bxd4 cxd4 27. Nf3 Bg4
28. Nh2 Bd7 29. Qe2 e5 30. Ng4 Kg7 31. Qf3 f5 32. Rxb8 Rxb8 33. exf5 Bxf5 34.
Bh3 h5 35. Qc6 Bxg4 36. Bxg4 hxg4 37. Qxd6 Rf8 38. Qd7+ Rf7 39. Qxg4 Qb6 40.
Kg2 Qf6 41. Qe2 Rb7 42. Qe4 Rf7 43. Qe2 Qf5 44. g4 Qf4 45. Rc1 Rb7 46. Qf3 Rb2
47. Qxf4 exf4 48. Kf3 Kf6 49. Kxf4 Rxf2+ 50. Kg3 Re2 51. Rf1+ Ke5 52. Rf3 Be1+
53. Kh3 Re3 54. Kg2 Rxf3 55. Kxf3 Bxh4 56. c5 g5 57. c6 Kd6 58. c7 Kxc7 59. Ke4
Bf2 60. Kf3 Be3 0-1

[Event "OHS 2015"]
[Site "?"]
[Date "2015.02.23"]
[Round "4.17"]
[White "Kümmel, Hans-Jürgen"]
[Black "Krolik, Wilfried"]
[Result "0-1"]
[WhiteElo "1317"]
[BlackElo "1552"]
[PlyCount "127"]
[EventDate "2015.??.??"]
[WhiteTeam "SG Höntrop 1947"]
[BlackTeam "SV Waltrop 1922"]

1. d4 Nf6 2. Nf3 g6 3. g3 Bg7 4. Bg2 O-O 5. c4 c5 6. e3 cxd4 7. exd4 d6 8. O-O
Nbd7 9. Nc3 Nb6 10. b3 Bd7 11. Re1 Re8 12. Qc2 Bf5 13. Qd1 Rb8 14. Bd2 Qd7 15.
Ng5 h6 16. Nf3 Rbd8 17. Qc1 Kh7 18. Nh4 Bh3 19. Bh1 e5 20. d5 Re7 21. Rb1 g5
22. Nf3 Bf5 23. Be3 Bxb1 24. Qxb1+ Kg8 25. Nb5 Ng4 26. Nxa7 Nxe3 27. Rxe3 f5
28. Nb5 Rde8 29. a4 f4 30. Re1 Rf8 31. Nd2 fxg3 32. hxg3 Ref7 33. Ne4 Nc8 34.
Bg2 Bf6 35. Kh2 h5 36. Qd1 Be7 37. Bh3 g4 38. Bg2 h4 39. Kg1 h3 40. Bh1 b6 41.
Qd2 Rh7 42. Kh2 Rff7 43. Nbc3 Qf5 44. Nd1 Rfg7 45. Qe3 Bg5 46. Nxg5 Qxg5 47.
Be4 Rh6 48. Qxg5 Rxg5 49. Ne3 Ne7 50. Ra1 Rf6 51. Ra2 Rf8 52. Nd1 Nf5 53. Nc3
Nd4 54. Rb2 Nf3+ 55. Bxf3 Rxf3 56. Ne4 Rg6 57. Kg1 Rf7 58. Kh2 Kf8 59. Re2 Rf3
60. Rb2 Ke7 61. Kg1 Kd7 62. Nd2 Rd3 63. Ne4 Kc7 64. b4 0-1

[Event "OHS 2015"]
[Site "?"]
[Date "2015.02.23"]
[Round "4.18"]
[White "Bott, Michael"]
[Black "Heinz, Hans-Werner"]
[Result "1/2-1/2"]
[WhiteElo "1528"]
[BlackElo "1159"]
[PlyCount "44"]
[EventDate "2015.??.??"]
[WhiteTeam "SV Günnigfeld 1922"]
[BlackTeam "SV Unser Fritz Wanne-Eickel"]

1. c4 e5 2. Nc3 Nf6 3. g3 c6 4. Bg2 d5 5. cxd5 cxd5 6. Qb3 Nc6 7. Nxd5 Nd4 8.
Nxf6+ gxf6 9. Qd1 Qc7 10. Be4 f5 11. Bb1 Bg7 12. e3 Nc6 13. Ne2 O-O 14. Qc2 e4
15. O-O Qe5 16. a3 Be6 17. Ba2 Rac8 18. Nc3 Rfd8 19. Bxe6 Qxe6 20. Rb1 a6 21.
b4 b5 22. Bb2 Ne5 1/2-1/2

[Event "OHS 2015"]
[Site "?"]
[Date "2015.02.23"]
[Round "4.19"]
[White "Diekhans, Georg"]
[Black "Deutschmann, Jürgen"]
[Result "1-0"]
[WhiteElo "1310"]
[BlackElo "1681"]
[PlyCount "134"]
[EventDate "2015.??.??"]
[WhiteTeam "SV Unser Fritz Wanne-E"]
[BlackTeam "SV Hattingen"]

1. e4 c6 2. d4 d5 3. e5 Bf5 4. Bd3 Bxd3 5. Qxd3 e6 6. Nf3 Nd7 7. O-O Qb6 8. c3
c5 9. h3 Ne7 10. Re1 Nc6 11. b3 cxd4 12. cxd4 Bb4 13. Bd2 O-O 14. a3 Bxd2 15.
Nbxd2 a5 16. Ng5 g6 17. Ngf3 Rfc8 18. g4 Ne7 19. Kg2 Rc6 20. Rac1 Rac8 21. Rxc6
Qxc6 22. Nb1 b5 23. b4 axb4 24. axb4 Qc4 25. Qa3 Qc6 26. Kg3 Nb6 27. Kg2 Na4
28. Re3 Kg7 29. Kg3 h6 30. Kg2 Qc1 31. Qxc1 Rxc1 32. Rb3 Nc6 33. Na3 Rc3 34.
Rxc3 Nxc3 35. Nc2 Na2 36. Na3 Naxb4 37. Nxb5 Nc2 38. Nd6 N2xd4 39. Ne8+ Kf8 40.
Nxd4 Nxd4 41. Nd6 Nc6 42. f4 Ke7 43. h4 f6 44. Nc8+ Kd7 45. Nb6+ Kc7 46. exf6
Nd8 47. Na4 Nf7 48. Nc3 Kc6 49. Kf3 Kc5 50. Nb1 Kd4 51. Nd2 Kd3 52. Nb3 Kc4 53.
Nd2+ Kc3 54. Ke2 g5 55. fxg5 hxg5 56. Nf3 gxh4 57. g5 d4 58. g6 d3+ 59. Kd1 Ne5
60. Nxh4 Nc4 61. Nf3 Ne3+ 62. Ke1 Nc2+ 63. Kf2 e5 64. f7 e4 65. f8=Q e3+ 66.
Kg3 d2 67. Nxd2 exd2 1-0

[Event "OHS 2015"]
[Site "?"]
[Date "2015.02.23"]
[Round "4.20"]
[White "Mrowetz, Josef"]
[Black "Diekhans, Christoph"]
[Result "1-0"]
[WhiteElo "1364"]
[BlackElo "1591"]
[PlyCount "109"]
[EventDate "2015.??.??"]
[WhiteTeam "SC Gerthe 46-Werne"]
[BlackTeam "SV Unser Fritz Wanne-E"]

1. e4 e6 2. d4 b6 3. Nf3 Bb7 4. Bd3 c5 5. c3 Be7 6. O-O Qc7 7. Be3 d5 8. e5
cxd4 9. cxd4 f6 10. Nc3 a6 11. Nh4 fxe5 12. Qh5+ Kd8 13. dxe5 Bxh4 14. Qxh4+
Ne7 15. f4 Nbc6 16. Qf2 Nc8 17. Ne2 Rf8 18. Bd4 Nxd4 19. Nxd4 Qe7 20. Rac1 g5
21. f5 exf5 22. Bxf5 Ke8 23. Bd7+ Kxd7 24. Qxf8 Qxe5 25. Qf5+ Kd6 26. Qxe5+
Kxe5 27. Nf3+ Kf5 28. Rc7 Nd6 29. Re1 h5 30. Re5+ Kf4 31. Rxg5 d4 32. Rg6 Bxf3
33. Rxd6 Ke5 34. Rxb6 Rg8 35. Re7+ Kd5 36. Kf2 Be4 37. g3 Rf8+ 38. Ke1 Bc2 39.
Rd7+ Kc5 40. Rbd6 d3 41. Rxd3 Bxd3 42. Rxd3 Kc4 43. Rc3+ Kd4 44. Ra3 Re8+ 45.
Kf2 Rb8 46. b3 Rb6 47. Ra4+ Kd3 48. Kg2 Kc3 49. Kh3 Rg6 50. Kh4 Rg4+ 51. Rxg4
hxg4 52. Kxg4 Kb2 53. h4 Kxa2 54. h5 a5 55. h6 1-0

[Event "OHS 2015"]
[Site "?"]
[Date "2015.03.02"]
[Round "5.1"]
[White "Ribbeheger, Edgar"]
[Black "Kiese, Matthias"]
[Result "0-1"]
[WhiteElo "1998"]
[BlackElo "2223"]
[PlyCount "80"]
[EventDate "2015.??.??"]
[WhiteTeam "SK Herne-Sodingen 1924"]
[BlackTeam "Bochumer Schachverein 02"]

1. e4 c5 2. Nf3 d6 3. d4 cxd4 4. Nxd4 Nf6 5. Nc3 a6 6. Bg5 e6 7. f4 Be7 8. Qf3
Qc7 9. O-O-O Nbd7 10. g4 b5 11. Bxf6 Nxf6 12. g5 Nd7 13. f5 Bxg5+ 14. Kb1 Ne5
15. Qh5 Qe7 16. Rg1 Bf6 17. fxe6 g6 18. exf7+ Nxf7 19. Qe2 Bb7 20. Nd5 Bxd5 21.
exd5 Bxd4 22. Rxd4 Qxe2 23. Bxe2 O-O 24. h4 Ne5 25. h5 Rf2 26. Re4 Kg7 27. b3
Raf8 28. hxg6 hxg6 29. c4 bxc4 30. bxc4 Kf6 31. Rf1 Rxf1+ 32. Bxf1 g5 33. Bh3
Rh8 34. Be6 Rh4 35. Rxh4 gxh4 36. c5 dxc5 37. Kc2 Nc4 38. Kd3 Nd6 39. Ke3 Ke5
40. Bg8 c4 0-1

[Event "OHS 2015"]
[Site "?"]
[Date "2015.03.02"]
[Round "5.2"]
[White "Quast, Marcel"]
[Black "Graw, Christopher"]
[Result "0-1"]
[WhiteElo "2201"]
[BlackElo "2218"]
[PlyCount "68"]
[EventDate "2015.??.??"]
[WhiteTeam "SC Gerthe 46-Werne"]
[BlackTeam "SK Herne Sodingen 1924"]

1. e4 c5 2. d4 cxd4 3. c3 dxc3 4. Nxc3 e6 5. Nf3 a6 6. Bc4 b5 7. Bb3 Bb7 8. O-O
b4 9. Nd5 exd5 10. exd5 Bd6 11. Re1+ Kf8 12. Bg5 f6 13. Bh4 Ne7 14. Nd4 Qb6 15.
Re4 a5 16. Qh5 Na6 17. Rae1 Ng6 18. Nf5 Nc5 19. Bxf6 Bxh2+ 20. Qxh2 Qxf6 21.
Nd6 Nxe4 22. Rxe4 Ba6 23. Re3 Qh4 24. Rh3 Qg5 25. Re3 h5 26. Ne4 Qe5 27. Qh3
Rc8 28. Nc5 Qd6 29. Nxd7+ Kg8 30. Qe6+ Qxe6 31. Rxe6 Rc1+ 32. Kh2 Bc8 33. Rxg6
Bxd7 34. Rd6 a4 0-1

[Event "OHS 2015"]
[Site "?"]
[Date "2015.03.02"]
[Round "5.4"]
[White "Löffelbein, Klaus"]
[Black "Winterkamp, Sascha"]
[Result "1/2-1/2"]
[WhiteElo "2002"]
[BlackElo "2015"]
[PlyCount "90"]
[EventDate "2015.??.??"]
[WhiteTeam "SC Gerthe 46 - Werne"]
[BlackTeam "SV Unser Fritz Wanne-Eickel 1955"]

1. d4 d5 2. c4 e6 3. Nf3 Nf6 4. Nc3 c6 5. e3 Nbd7 6. Bd3 Bd6 7. O-O O-O 8. Qc2
dxc4 9. Bxc4 b5 10. Be2 Bb7 11. Rd1 Qb8 12. h3 a6 13. a3 c5 14. dxc5 Nxc5 15.
b4 Nce4 16. Bb2 Rc8 17. Qd3 Be7 18. Rac1 Nxc3 19. Bxc3 Be4 20. Qd2 Bd5 21. Qb2
Qb7 22. Be5 Ne8 23. Rxc8 Rxc8 24. Rc1 f6 25. Rxc8 Qxc8 26. Qc3 Qb7 27. Bh2 Nd6
28. Bxd6 Bxd6 29. Qc1 Kf7 30. Ne1 g5 31. Qc2 f5 32. f3 Qb6 33. Qc3 Bc7 34. Kf1
Qd6 35. Qh8 Kg6 36. f4 e5 37. fxg5 Qe7 38. h4 e4 39. Qd4 Qf7 40. Kg1 Bg3 41.
Qb6+ Qe6 42. h5+ Kxg5 43. Qd8+ Qf6 44. Qxd5 Bxe1 45. g4 Bg3 1/2-1/2

[Event "OHS 2015"]
[Site "?"]
[Date "2015.03.02"]
[Round "5.5"]
[White "Sondermann, Dirk"]
[Black "Sikorski, Thomas"]
[Result "1-0"]
[WhiteElo "2080"]
[BlackElo "1791"]
[PlyCount "81"]
[EventDate "2015.??.??"]
[WhiteTeam "Sport Union Annen"]
[BlackTeam "Sportfreunde Katernberg 1913"]

1. d4 c6 2. c4 d6 3. Nc3 Nd7 4. Nf3 e5 5. e4 Be7 6. Be2 Ngf6 7. O-O O-O 8. h3
Qc7 9. Be3 Re8 10. Rc1 Nf8 11. d5 Ng6 12. Qd2 Bd7 13. Rfd1 c5 14. Ne1 Qc8 15.
Kh2 h6 16. Nd3 Kh7 17. f4 exf4 18. Nxf4 Ne5 19. b3 g5 20. Nd3 Rg8 21. Nxe5 dxe5
22. d6 Bf8 23. Nd5 Nxd5 24. Qxd5 f6 25. Qxc5 Bc6 26. Bg4 Qd8 27. Bf5+ Kh8 28.
g4 Rg7 29. Qa3 b6 30. b4 a5 31. b5 Bd7 32. Qd3 Bxf5 33. exf5 Rd7 34. c5 bxc5
35. Bxc5 Qb8 36. a4 Qb7 37. Qd5 Rb8 38. Qxb7 Rbxb7 39. Ba3 Rb6 40. Rc8 Kg7 41.
Rc7 1-0

[Event "OHS 2015"]
[Site "?"]
[Date "2015.03.02"]
[Round "5.6"]
[White "Gasper, Jörn"]
[Black "Melmer, Felix"]
[Result "1/2-1/2"]
[WhiteElo "1637"]
[BlackElo "2001"]
[PlyCount "68"]
[EventDate "2015.??.??"]
[WhiteTeam "SV Waltrop 1922"]
[BlackTeam "SC Gerthe 46-Werne"]

1. e4 c5 2. Nf3 g6 3. d4 cxd4 4. Nxd4 Nc6 5. Nc3 Bg7 6. Be3 Nf6 7. Be2 O-O 8.
O-O d5 9. exd5 Nxd5 10. Nxd5 Qxd5 11. Bf3 Qc4 12. Nxc6 bxc6 13. c3 Be6 14. Qc2
Bf5 15. Qb3 Qa6 16. Qb4 e5 17. Qc5 Rfc8 18. Bd1 Qb7 19. b4 Qc7 20. Bb3 Bd3 21.
Rfd1 Bf8 22. Qa5 Qxa5 23. bxa5 Bf5 24. Rd2 c5 25. Bd5 Rab8 26. a6 Kg7 27. Bb7
Rd8 28. Rad1 Rxd2 29. Rxd2 Be6 30. f3 f6 31. Rb2 Bc4 32. Rd2 Be6 33. Rb2 Bc4
34. Rd2 Be6 1/2-1/2

[Event "OHS 2015"]
[Site "?"]
[Date "2015.03.02"]
[Round "5.7"]
[White "Boost, Jürgen"]
[Black "Eckert, Marius"]
[Result "1/2-1/2"]
[WhiteElo "1849"]
[BlackElo "1960"]
[PlyCount "37"]
[EventDate "2015.??.??"]
[WhiteTeam "SC Gerthe 46-Werne"]
[BlackTeam "SV Waltrop 1922"]

1. e4 e5 2. Nf3 Nc6 3. Bb5 a6 4. Bxc6 dxc6 5. O-O Bg4 6. h3 h5 7. d3 Qf6 8.
Nbd2 g5 9. Nc4 Bxf3 10. Qxf3 Qxf3 11. gxf3 f6 12. h4 gxh4 13. f4 b5 14. Na5 Kd7
15. fxe5 fxe5 16. f4 Bc5+ 17. Kh2 Nf6 18. fxe5 Ng4+ 19. Kh3 1/2-1/2

[Event "OHS 2015"]
[Site "?"]
[Date "2015.03.02"]
[Round "5.8"]
[White "Funke, Eckhard"]
[Black "Barth, Hans-Joachim"]
[Result "0-1"]
[WhiteElo "1930"]
[BlackElo "1881"]
[PlyCount "54"]
[EventDate "2015.??.??"]
[WhiteTeam "SG Höntrop 1947"]
[BlackTeam "SC Dolce Vita 93"]

1. d4 d5 2. c4 c6 3. Nc3 dxc4 4. e3 b5 5. a4 b4 6. Na2 e6 7. Bxc4 Nf6 8. Nf3
Bb7 9. O-O Nbd7 10. b3 Be7 11. Bb2 O-O 12. Qe2 c5 13. Rfd1 Qc7 14. Rac1 a5 15.
Bb5 Rfd8 16. Nd2 Qb8 17. Nc4 Bd5 18. f3 cxd4 19. Bxd4 e5 20. Bb2 Be6 21. Kh1 e4
22. fxe4 Bg4 23. Qc2 Bxd1 24. Rxd1 Ng4 25. g3 Ndf6 26. h3 Rxd1+ 27. Qxd1 Nf2+
0-1

[Event "OHS 2015"]
[Site "?"]
[Date "2015.03.02"]
[Round "5.9"]
[White "Schäfer, Michael"]
[Black "Schmidt, Ralph"]
[Result "1/2-1/2"]
[WhiteElo "1793"]
[BlackElo "1985"]
[PlyCount "55"]
[EventDate "2015.??.??"]
[WhiteTeam "SK Herne-Sodingen 1924"]
[BlackTeam "SV Bochum-Linden-Dahlhausen 1922"]

1. d4 Nf6 2. c4 d6 3. Nf3 g6 4. Nc3 Bg7 5. e4 O-O 6. Be2 Na6 7. Bg5 c5 8. d5
Nd7 9. Qd2 Re8 10. O-O Ne5 11. Nxe5 Bxe5 12. Be3 f5 13. f4 Bg7 14. Bf3 Nc7 15.
Rad1 a6 16. a4 Bd7 17. b3 b5 18. e5 Rb8 19. e6 Bc8 20. Rb1 Rf8 21. Be2 b4 22.
Nd1 Ne8 23. Nf2 Bc3 24. Qd3 a5 25. Nd1 Bg7 26. Nf2 Ba6 27. Bf3 Nf6 28. h3
1/2-1/2

[Event "OHS 2015"]
[Site "?"]
[Date "2015.03.02"]
[Round "5.10"]
[White "Wingerning, Gerd"]
[Black "Korte, Markus"]
[Result "1/2-1/2"]
[WhiteElo "1744"]
[BlackElo "2163"]
[PlyCount "35"]
[EventDate "2015.??.??"]
[WhiteTeam "SC Buer-Hassel Königsspringer"]
[BlackTeam "Matt Inn Dortmund"]

1. e4 c5 2. c3 d5 3. e5 d4 4. cxd4 cxd4 5. Bc4 Qc7 6. Qe2 Nc6 7. f4 Nh6 8. Nf3
Bf5 9. d3 Na5 10. Bb5+ Bd7 11. Bxd7+ Qxd7 12. Bd2 Nc6 13. Na3 e6 14. Nc2 Be7
15. O-O O-O 16. b4 Qd5 17. Rfb1 b5 18. a3 1/2-1/2